• 首页
  • 本馆介绍
  • 公告通知
  • 最新文献
  • 馆藏检索
  • 电子资源
  • 读者导购
  • 参考咨询
  • 我的图书馆
  • 登录
  • 详细信息显示
  • 放入我的书架
  • 预约/预借图书
  • 作者相关作品
  • 分类相关作品
  • 丛书相关作品
  • 出版社相关作品

书目信息

  • 表格格式
  • 工作单格式
  • 卡片格式
题名:
相声
    
 
作者: 李乡文 主编
分册:  
出版信息: 长春   吉林文史出版社  2006
页数: 187页
开本: 21cm
丛书名: 中外艺术精粹
单 册:
中图分类: J826.7
科图分类:
主题词: 相声--中国--现代 , 相声 , 戏剧--艺术--中国
电子资源:
ISBN: 7-80702-248-5
000 00834oam2 2200277 45
001 012006042901
005 20070103163548.92
010    @a7-80702-248-5@dCNY29.80
092    @aCN@b492771
100    @a20060429d2006 em y0chiy0120 ea
101 0  @achi
102    @aCN@b220000
105    @ay z 000yy
200 1  @a相声@Axiang sheng@f李乡文主编@Fli xiang wen zhu bian
210    @a长春@c吉林文史出版社@c吉林音像出版社@d2006
215    @a187页@d21cm
225 2  @a中外艺术精粹
330    @a本书主要介绍了相声的起源与发展;相声的表现形式;相声的语言特色和表演特色;相声名作欣赏等。
461  0 @12001 @a中外艺术精粹
606 0  @a相声@y中国@z现代
606 0  @a相声
606 0  @a戏剧@x艺术@x中国
690    @aJ826.7@v4
701  0 @a李乡文@Ali xiang wen@4主编
801  0 @aCN@bLZJBOOK@c20070103
905    @a10447@dJ826.7@e94
    
    相声/李乡文主编.-长春:吉林文史出版社:吉林音像出版社,2006
    187页;21cm.-(中外艺术精粹)
    
    
    ISBN 7-80702-248-5:CNY29.80
    本书主要介绍了相声的起源与发展;相声的表现形式;相声的语言特色和表演特色;相声名作欣赏等。
●
相关链接 在E读中查询图书 在五车中查询图书 在当当中查询图书 在豆瓣中查询图书


正题名:相声     索取号:J826.7/94         预约/预借

序号 登录号 条形码 馆藏地/架位号 状态 备注
1 0561387   205613870   第一样本阅览室/ [索取号:J826.7/94] 在馆    
2 0561388   205613889   第一借阅区/ [索取号:J826.7/94] 在馆    
3 0561389   205613898   第一借阅区/ [索取号:J826.7/94] 在馆    
4 0561390   205613905   第一借阅区/ [索取号:J826.7/94] 在馆    
5 0561391   205613914   第一借阅区/ [索取号:J826.7/94] 在馆    
6 0561392   205613923   第一借阅区/ [索取号:J826.7/94] 在馆    
7 0561393   205613932   第一借阅区/ [索取号:J826.7/94] 在馆    
唐山师范学院图书馆 欢迎您!
大连网信软件有限公司© 版权所有